Speaking out for the intermediate Luyện kỹ năng nói tiếng Anh cho người học trình độ trung cấp tập 1
保存先:
| 第一著者: | |
|---|---|
| フォーマット: | 不明 |
| 言語: | Vietnamese English |
| 出版事項: |
Nhân Trí Việt,
2009.
|
| 主題: | |
| タグ: |
タグ追加
タグなし, このレコードへの初めてのタグを付けませんか!
|
| Thư viện lưu trữ: | Mạng thư viện Đại học Đà Nẵng |
|---|
| LEADER | 01034ca a2200301 4500 | ||
|---|---|---|---|
| 001 | 000031357 | ||
| 003 | 6000 | ||
| 005 | 20241004144948.0 | ||
| 008 | 151001s2009 000 vie | ||
| 020 | |a 98.000 | ||
| 040 | |a lnn |c lnn |d lnn | ||
| 041 | |a eng | ||
| 082 | |a 420.8 |b JO-P | ||
| 100 | |a Paul Jolley | ||
| 245 | 0 | |b Luyện kỹ năng nói tiếng Anh cho người học trình độ trung cấp |a Speaking out for the intermediate |n tập 1 | |
| 260 | |a Nhân Trí Việt, |c 2009. | ||
| 300 | |a 221tr. : ; |c 23cm. | ||
| 650 | |a Speaking | ||
| 653 | |a kỹ năng nói |a tiếng Anh | ||
| OWN | |a LNN | ||
| AVA | |a UDN50 |b LNN |c English |d 420.8JO-P |e available |t Error 5001 Not defined in file expand_doc_bib_avail. |f 2 |g 0 |h N |i 0 |j AN |k 1 | ||
| 999 | |a From the UDN01 | ||
| AVA | |a UDN50 |b LNN |c English |d 420.8JO-P |e available |t Error 5001 Not defined in file expand_doc_bib_avail. |f 2 |g 0 |h N |i 0 |j AN |k 1 | ||
| TYP | |a Printed language | ||
| 980 | |a Mạng thư viện Đại học Đà Nẵng | ||